Catálogo público

HACCP : (Record no. 218509)

MARC details
000 -CABECERA
campo de control de longitud fija 03615nam a2200445 a 4500
003 - IDENTIFICADOR DEL NÚMERO DE CONTROL
campo de control CHAP
005 - FECHA Y HORA DE LA ÚLTIMA TRANSACCIÓN
campo de control 20241114183734.0
007 - CAMPO FIJO DE DESCRIPCIÓN FÍSICA--INFORMACIÓN GENERAL
campo de control de longitud fija ta
008 - DATOS DE LONGITUD FIJA--INFORMACIÓN GENERAL
campo de control de longitud fija 220125s2018 sp ado f 001 0 spa d
020 ## - NÚMERO INTERNACIONAL ESTÁNDAR DEL LIBRO
Número Internacional Estándar del Libro 978-84-200-1180-6
040 ## - FUENTE DE LA CATALOGACIÓN
Centro/agencia transcriptor CHAP
Centro catalogador/agencia de origen mxchpua
Normas de descripción rda
041 ## - CÓDIGO DE LENGUA
Código de lengua del texto/banda sonora o título independiente spa
Código de lengua del sumario o resumen spa
Código de lengua de la tabla de contenido spa
Código de lengua original eng
050 10 - SIGNATURA TOPOGRÁFICA DE LA BIBLIOTECA DEL CONGRESO
Número de clasificación QR115
Número de documento/Ítem .M67 2018
082 ## - NÚMERO DE LA CLASIFICACIÓN DECIMAL DEWEY
Número de edición 20
Número de clasificación 664.07
Número de documento/Ítem M67 2018
100 1# - ENTRADA PRINCIPAL--NOMBRE DE PERSONA
Nombre de persona Mortimore, Sara
9 (RLIN) 160790
240 10 - TÍTULO UNIFORME
Título uniforme HACCP. A Practical approach.
Lenguaje de la obra Español
245 10 - MENCIÓN DE TÍTULO
Título HACCP :
Resto del título enfoque práctico /
Mención de responsabilidad, etc. Sara Mortimore y Carol Wallace ; traductor Blas Borde-Lekon
250 ## - MENCIÓN DE EDICIÓN
Mención de edición 3a edición
264 ## - PRODUCCIÓN, PUBLICACIÓN, DISTRIBUCIÓN, FABRICACIÓN Y COPYRIGHT
Producción, publicación, distribución, fabricación y copyright España :
Nombre del de productor, editor, distribuidor, fabricante Acribia,
Fecha de producción, publicación, distribución, fabricación o copyright 2018
300 ## - DESCRIPCIÓN FÍSICA
Extensión xxx, 462 páginas :
Otras características físicas ilustraciones, gráficas, fotos
336 ## - TIPO DE CONTENIDO
Fuente rdacontent
Término de tipo de contenido texto
Código de tipo de contenido txt
337 ## - TIPO DE MEDIO
Fuente rdamedia
Nombre/término del tipo de medio no mediado
Código del tipo de medio n
338 ## - TIPO DE SOPORTE
Fuente rdacarrier
Nombre/término del tipo de soporte volumen
Código del tipo de soporte nc
504 ## - NOTA DE BIBLIOGRAFÍA, ETC.
Nota de bibliografía, etc. Bibliografía: páginas 445-454
505 0# - NOTA DE CONTENIDO CON FORMATO
Nota de contenido con formato Prefacio --<br/>Prólogo --<br/>Capítulo 1. Introducción al HACCP y su papel en el Control de la Seguridad Alimentaria --<br/>Capítulo 2. Planificación y preparación para lograr una gestión --<br/>Capítulo 3. Los peligros, su importancia y control --<br/>Capítulo 4. Requisitos previos para la seguridad alimentaria: PRP y PRP operativos --<br/>Capítulo 5. Diseñando la seguridad alimentaria --<br/>Capítulo 6. Cómo realizar un estudio HACCP --<br/>Capítulo 7. Implementación, verificación y mantenimiento para una gestión permanente de riesgos --<br/>Capítulo 8. Aplicación del HACCP en diferentes sectores alimentarios --<br/>Epílogo --<br/>Apéndice A. Casos prácticos --<br/>Apéndice B. Perfiles de patógenos --<br/>Apéndice C. Glosario --<br/>Apéndice D. Abreviaturas y definiciones --<br/>Referencias --<br/>Índice alfabético
520 2# - SUMARIO, ETC.
Sumario, etc. Esta tercera edición de HACCP: Enfoque práctico constituye un excelente recurso para enseñar y reforzar prácticas de seguridad alimentaria eficaces. Las autoras son profesoras, investigadoras y profesionales con mucha experiencia en la materia. Ha aumentado considerablemente el contenido sobre programas de requisitos previos. En ellos se incluyen las Buenas Prácticas Agrícolas (BPA), Buenas Prácticas de Fabricación (BPF) y una nueva propuesta de PRP –las Buenas Prácticas del Consumidor– (BPC). Especialmente, las BPA y BPC resaltan el hecho de la que seguridad alimentaria es un esfuerzo de «la granja a la mesa» y que todo el mundo tiene un papel en la seguridad alimentaria. Ésas son unas consideraciones especialmente importantes, en el caso de los alimentos que normalmente se distribuyen y consumen crudos o poco hechos. Para aquellos que han leído y disfrutado con la primera y segunda ediciones, con esta edición, no sólo actualizarán sus conocimientos, sino que alimentarán y estimularán sus ideas sobre el HACCP, como parte importante del control alimentario. En el caso de los que sean nuevos en el HACCP y en estos libros, confiamos en que les ayudará a encontrar su propio camino para desarrollar un sistema HACCP exitoso. Este libro es una herramienta excelente para ayudar a mantener la seguridad alimentaria.
650 13 - PUNTO DE ACCESO ADICIONAL DE MATERIA--TÉRMINO DE MATERIA
Término de materia o nombre geográfico como elemento de entrada ARPCC
9 (RLIN) 155065
Fuente del encabezamiento o término atg
650 13 - PUNTO DE ACCESO ADICIONAL DE MATERIA--TÉRMINO DE MATERIA
Término de materia o nombre geográfico como elemento de entrada Inocuidad alimentaria
9 (RLIN) 58836
Fuente del encabezamiento o término atg
650 13 - PUNTO DE ACCESO ADICIONAL DE MATERIA--TÉRMINO DE MATERIA
Término de materia o nombre geográfico como elemento de entrada Buenas prácticas de fabricación
9 (RLIN) 148349
Fuente del encabezamiento o término atg
650 13 - PUNTO DE ACCESO ADICIONAL DE MATERIA--TÉRMINO DE MATERIA
Término de materia o nombre geográfico como elemento de entrada HACCP
9 (RLIN) 142969
Fuente del encabezamiento o término atg
650 13 - PUNTO DE ACCESO ADICIONAL DE MATERIA--TÉRMINO DE MATERIA
Término de materia o nombre geográfico como elemento de entrada Food safety
9 (RLIN) 148388
Fuente del encabezamiento o término atg
650 13 - PUNTO DE ACCESO ADICIONAL DE MATERIA--TÉRMINO DE MATERIA
Término de materia o nombre geográfico como elemento de entrada Good manufacturing practices
9 (RLIN) 148471
Fuente del encabezamiento o término atg
700 1# - PUNTO DE ACCESO ADICIONAL--NOMBRE DE PERSONA
Nombre de persona Walace, Carol
9 (RLIN) 174767
Término indicativo de función/relación autor
700 1# - PUNTO DE ACCESO ADICIONAL--NOMBRE DE PERSONA
Nombre de persona Borde Lekona, Blas
9 (RLIN) 13843
Término indicativo de función/relación traductor
942 ## - ELEMENTOS DE PUNTO DE ACCESO ADICIONAL (KOHA)
Tipo de ítem Koha Libro
Fuente del sistema de clasificación o colocación Dewey Decimal Classification
901 ## - ELEMENTOS DE DATOS A LOCAL LDA (RLIN)
a PA 664.07 M67
902 ## - ELEMENTOS DE DATOS B LOCAL, LDB (RLIN)
a M
905 ## - ELEMENTOS DE DATOS E LOCAL, LDE (RLIN)
a 5232202001 n 8000000000 06
910 ## - DATOS DE OPCIÓN DEL USUARIO (OCLC)
Datos de opción del usuario 2001
Holdings
Estado de retiro Estado de pérdida Fuente del sistema de clasificación o colocación Estado dañado Restricciones de uso No para préstamo Código de colección Localización permanente Ubicación/localización actual Fecha de adquisición Fuente de adquisición Número de inventario Total de préstamos Signatura topográfica completa Código de barras Fecha visto por última vez Número de copia Precio válido a partir de Tipo de ítem Koha Fecha del último préstamo
    Dewey Decimal Classification   Préstamo interno   General Ingenieria Agroindustrial Ingenieria Agroindustrial 07/03/2023 El quijote F. 413716018 Consumo   664.07 M67 2018 1102014403 07/03/2023 Ej. 1 07/03/2023 Libro  
    Dewey Decimal Classification   Préstamo 5 días   General Ingenieria Agroindustrial Ingenieria Agroindustrial 14/10/2024 Compra F. 44563 Librería UACh C. 3 664.07 M67 2018 1102015035 20/10/2025 Ej. 2 14/11/2024 Libro 02/10/2025
    Dewey Decimal Classification   Préstamo 5 días   General Ingenieria Agroindustrial Ingenieria Agroindustrial 14/10/2024 Compra F. 44563 Librería UACh C. 2 664.07 M67 2018 1102015036 06/11/2025 Ej. 3 14/10/2024 Libro 29/10/2025